Marketing du kích trong 30 ngày = Guerrilla marketing in 30 days

Nội dung sách là bàn về các chiến lược tiếp thị, cách tư duy marketing du kích, nghiên cứu thị trường , lên kế hoạch cạnh tranh chiến lược, kế hoạch quảng cáo và kế hoạch truyền thông, cách marketing trực tiếp, cách mở rộng thị trường mar...

Полное описание

Сохранить в:
Библиографические подробности
Главный автор: Levinson, Jay Conrad
Другие авторы: Nguyễn Thuỳ Linh (dịch), Lautenslager, Al, Henny Nguyễn (dịch)
Формат:
Язык:Vietnamese
Опубликовано: H. Lao động - Xã hội 2020
Предметы:
Метки: Добавить метку
Нет меток, Требуется 1-ая метка записи!
Thư viện lưu trữ: Thư viện Trường Đại học Nam Cần Thơ
LEADER 01321aam a22002298a 4500
001 NCT_85139
008 160713s2016 ||||||viesd
999 |c 4204  |d 4204 
020 |a 9786046550242  |c 169000 
082 0 4 |2 23rd ed.  |a 658.802  |b L665 
100 1 |a Levinson, Jay Conrad 
245 1 0 |a Marketing du kích trong 30 ngày =  |b Guerrilla marketing in 30 days  |c Jay Conrad Levinson, Al Lautenslager ; Henny Nguyễn, Nguyễn Thuỳ Linh (dịch)  
260 |a H.  |b Lao động - Xã hội  |c 2020 
300 |a 459 tr.  |c 21cm   |b Minh họa 
520 3 |a Nội dung sách là bàn về các chiến lược tiếp thị, cách tư duy marketing du kích, nghiên cứu thị trường , lên kế hoạch cạnh tranh chiến lược, kế hoạch quảng cáo và kế hoạch truyền thông, cách marketing trực tiếp, cách mở rộng thị trường marketing. 
653 |a Quản trị kinh doanh 
700 1 |a Nguyễn Thuỳ Linh  |e dịch 
700 1 |a Lautenslager, Al 
700 1 |a Henny Nguyễn  |e dịch  
942 |2 ddc  |c BK 
952 |0 0  |1 0  |2 ddc  |4 0  |6 658_802000000000000_L665  |7 0  |9 20329  |a 000001  |b 000001  |d 2020-09-30  |o 658.802 L665  |p MD.17660  |r 2020-09-30  |v 169000.00  |w 2020-09-30  |y BK 
980 |a Thư viện Trường Đại học Nam Cần Thơ